000 00330nam a2200145Ia 4500
008 230718s9999 xx 000 0 und d
041 _aEng.
082 _a343.54
_bAWA-L
100 _aAwan,Tariq Ambrin
245 0 _alabour laws in pak.
260 _aPakistan
_bIrfan law
_c2015
300 _a264
650 _aLaw
999 _c30377
_d30377